000
00177nam a2200073Ia 4500
008
180219s9999 xx 000 0 und d
100
_a
Singh U K
245
0
_a
Primary Education
260
_a
New Delhi / Discovery
999
_c
41253
_d
41253